000 00334nam a2200145Ia 4500
008 230917s9999||||xx |||||||||||||| ||und||
040 _e210045
_aMAIN
041 _aEnglish
082 _a363.325 S37T
100 _aSheetal
245 0 _aTerrorism origin, growth and solutions
260 _c2012
300 _a100 p.
942 _cTH
999 _c126034
_d126034